000 00979nam a2200241 a 4500
001 000003228
005 20260330121013.0
008 090707s1996 dr a r 001 0 spa d
040 _aDO-SdBNP
_bspa
_cBNPHU
082 _a340.115
_bC413d
100 1 _aCerda, Henry
_910178
245 1 0 _aDerecho, política y sociedad /
_cHenry Cerda ; prólogo Julián Serulle R.
260 _aSantiago, República Dominicana :
_bCentral,
_c1996.
300 _a133 p. :
_bil. ;
_c21 cm.
505 0 _aPrólogo /
_rJulián Serulle R. --
_tOpinión pública --
_tNuestra sociedad --
_tLas eleccciones del año 1994.
590 _aInventariado, 2018/BT
650 0 _aEstado de derecho
_910179
650 4 _aElecciones
_zRepública Dominicana
_xEnsayos, conferencias ,etc.
_910180
651 0 _aRepública Dominicana
_xPolítica y gobierno
_945
651 4 _aRepública Dominicana
_xCondiciones Sociales
_946
700 1 _aSerulle R., Julián,
_epról.
_910181
910 _aValidado. Control de calidad. EMS
999 _c3059
_d3059